Länder efter bokstav - T - Statistics

General Stats
  • This quiz has been taken 99 times
  • The average score is 9 of 14
Answer Stats
Land % Correct
Tanzania
79%
Thailand
79%
Tyskland
79%
Turkiet
77%
Togo
70%
Turkmenistan
70%
Taiwan
57%
Trinidad och Tobago
57%
Tuvalu
57%
Tadzjikistan
53%
Tunisien
53%
Tchad
47%
Tonga
47%
Tjeckien
30%
No matching quizzes found
Score Distribution
Percent of People with Each Score
Percentile by Number Answered
Your Score History
You have not taken this quiz